000 00782nam a2200253Ia 4500
003 OSt
005 20220918201047.0
006 a|||||r|||| 00| 0
007 ta
008 220917b |||||||| |||| 00| 0 eng d
024 _a91,448
037 _cTextual
040 _aARTS
_cARTS
_beng
041 _2eng
_aeng
082 _aV1:19(zM).N4:g, L9
100 _aDupuy Trevor N.
_95934
245 0 _aNumbers predictions and war
_b Using history to evaluate combat factors and predict the outcome of battles
260 _aLondon
_bMacdonald and Jane's 1979
_c1979
300 _axvii, 244p. fogires
_ccm.
500 _aAppendix p185--239
650 _aWAR; WORLD HISTORY
942 _hV1:19(zM).N4:g, L9
_cTEXL
_2CC
999 _c215107
_d215107